[Event "GER-chT U10"]
[Site "Magdeburg"]
[Date "2018.12.27"]
[Round "1.2"]
[White "Struzina, Elias"]
[Black "Goldmann, David"]
[Result "1-0"]
[WhiteElo "1043"]
[BlackElo "1384"]
[PlyCount "55"]
[EventDate "2018.12.27"]
[EventType "team-swiss"]
[EventRounds "7"]
[EventCountry "GER"]
[SourceTitle "CBM 188 Extra"]
[Source "ChessBase"]
[SourceDate "2019.02.26"]
[SourceVersion "1"]
[SourceVersionDate "2019.02.26"]
[SourceQuality "1"]
[WhiteTeam "Kitzscher"]
[BlackTeam "Hamburger SK"]
[WhiteTeamCountry "GER"]
[BlackTeamCountry "GER"]

1. e4 e5 2. f4 exf4 3. Nf3 Nc6 4. a3 d6 5. Nc3 Bg4 6. d3 Nd4 7. Bxf4 Qf6 8. Nd5 Qd8 9. h3 Bxf3 10. gxf3 Nf6 11. Nxf6+ Qxf6 12. Be3 Nxf3+ 13. Ke2 Nh4 14. Kd2 Qxb2 15. Rb1 Nf3+ 16. Ke2 Qf6 17. Rxb7 Nh4 18. Kd2 c6 19. Rxa7 Rxa7 20. Bxa7 c5 21. Bb6 Nf3+ 22. Ke3 Nh4 23. Be2 Ng2+ 24. Kd2 Qf4+ 25. Kc3 Qe5+ 26. d4 Qxe4 27. dxc5 dxc5 28. Qd8# 1-0